Criminal law
Elliot and Quinn's Criminal Law, now in its seventh edition, is an established textbook covering English criminal law. This guide to the law will help you to understand the subject quickly."--BOOK JACKET
Guardado en:
| Autor principal: | |
|---|---|
| Otros Autores: | |
| Formato: | Libro |
| Publicado: |
Harlow :
Pearson Longman,
c2008.
|
| Edición: | 7th ed. |
| Materias: | |
| Acceso en línea: | https://catdir.loc.gov/catdir/toc/ecip087/2007052447.html |
| Etiquetas: |
Agregar Etiqueta
Sin Etiquetas, Sea el primero en etiquetar este registro!
|
MARC
| LEADER | 00000nam a22000007a 4500 | ||
|---|---|---|---|
| 020 | |a 9781405858717 |c TZS 78,689.02 | ||
| 040 | |a MUL |b eng |e AACR | ||
| 082 | |a 345 ELL | ||
| 100 | |a Elliott, Catherine | ||
| 245 | |a Criminal law |c / Catherine Elliott and Frances Quinn | ||
| 250 | |a 7th ed. | ||
| 260 | |a Harlow : |b Pearson Longman, |c c2008. | ||
| 300 | |a xxxiii, 417 p. : |b ill. ; |c 24 cm. | ||
| 504 | |a Includes index | ||
| 520 | |a Elliot and Quinn's Criminal Law, now in its seventh edition, is an established textbook covering English criminal law. This guide to the law will help you to understand the subject quickly."--BOOK JACKET | ||
| 546 | |a eng | ||
| 650 | |a Criminal law |z England | ||
| 700 | |a Quinn, Frances | ||
| 856 | |u https://catdir.loc.gov/catdir/toc/ecip087/2007052447.html | ||
| 942 | |c BK | ||
| 999 | |c 10599 |d 10599 | ||